Basel Full Squads (2000-) - Statistics

General Stats
  • This quiz has been taken 125 times
  • The average score is 162 of 625
Answer Stats
Year # Pos/Country Answer % Correct
2009-2010 17 MF Xherdan Shaqiri
87%
2010-2011 17 MF Xherdan Shaqiri
87%
2011-2012 17 MF Xherdan Shaqiri
87%
2024-2025 10 MF Xherdan Shaqiri
87%
2010-2011 34 MF Granit Xhaka
80%
2011-2012 34 MF Granit Xhaka
80%
2010-2011 16 MF Taulant Xhaka
79%
2011-2012 16 MF Taulant Xhaka
79%
2013-2014 34 MF Taulant Xhaka
79%
2014-2015 34 MF Taulant Xhaka
79%
2015-2016 34 MF Taulant Xhaka
79%
2016-2017 34 MF Taulant Xhaka
79%
2017-2018 34 MF Taulant Xhaka
79%
2018-2019 34 MF Taulant Xhaka
79%
2019-2020 34 MF Taulant Xhaka
79%
2021-2022 34 MF Taulant Xhaka
79%
2022-2023 34 MF Taulant Xhaka
79%
2023-2024 34 MF Taulant Xhaka
79%
2024-2025 34 MF Taulant Xhaka
79%
2012-2013 22 FW Mohamed Salah
77%
2013-2014 22 FW Mohamed Salah
77%
2008-2009 27 GK Yann Sommer
69%
2010-2011 18 GK Yann Sommer
69%
2011-2012 1 GK Yann Sommer
69%
2012-2013 1 GK Yann Sommer
69%
2013-2014 1 GK Yann Sommer
69%
2009-2010 13 FW Alex Frei
61%
2010-2011 13 FW Alex Frei
61%
2011-2012 13 FW Alex Frei
61%
2012-2013 13 FW Alex Frei
61%
2007-2008 16 MF Fabian Frei
61%
2008-2009 16 MF Fabian Frei
61%
2011-2012 20 MF Fabian Frei
61%
2012-2013 20 MF Fabian Frei
61%
2013-2014 20 MF Fabian Frei
61%
2014-2015 20 MF Fabian Frei
61%
2017-2018 6 MF Fabian Frei
61%
2018-2019 6 MF Fabian Frei
61%
2019-2020 20 MF Fabian Frei
61%
2020-2021 20 MF Fabian Frei
61%
2021-2022 20 MF Fabian Frei
61%
2022-2023 20 MF Fabian Frei
61%
2023-2024 20 MF Fabian Frei
61%
2013-2014 36 FW Breel Embolo
59%
2014-2015 36 FW Breel Embolo
59%
2015-2016 36 FW Breel Embolo
59%
2022-2023 1 GK Marwin Hitz
57%
2023-2024 1 GK Marwin Hitz
57%
2024-2025 1 GK Marwin Hitz
57%
2006-2007 12 FW Georges Ba
54%
2005-2006 12 MF Papa Malick Ba
54%
2006-2007 12 MF Papa Malick Ba
54%
2007-2008 12 MF Papa Malick Ba
54%
2012-2013 33 MF Mohamed Elneny
52%
2013-2014 33 MF Mohamed Elneny
52%
2014-2015 33 MF Mohamed Elneny
52%
2015-2016 33 MF Mohamed Elneny
52%
2012-2013 16 DF Fabian Schär
51%
2013-2014 16 DF Fabian Schär
51%
2014-2015 16 DF Fabian Schär
51%
2014-2015 1 GK Tomáš Vaclík
51%
2015-2016 1 GK Tomáš Vaclík
51%
2016-2017 1 GK Tomáš Vaclík
51%
2017-2018 1 GK Tomáš Vaclík
51%
2002-2003 19 FW Marco Streller
46%
2003-2004 9 FW Marco Streller
46%
2007-2008 10 FW Marco Streller
46%
2008-2009 9 FW Marco Streller
46%
2009-2010 9 FW Marco Streller
46%
2010-2011 9 FW Marco Streller
46%
2011-2012 9 FW Marco Streller
46%
2012-2013 9 FW Marco Streller
46%
2013-2014 9 FW Marco Streller
46%
2014-2015 9 FW Marco Streller
46%
2015-2016 16 DF Manuel Akanji
43%
2016-2017 36 DF Manuel Akanji
43%
2017-2018 36 DF Manuel Akanji
43%
2015-2016 5 DF Michael Lang
43%
2016-2017 5 DF Michael Lang
43%
2017-2018 5 DF Michael Lang
43%
2021-2022 5 DF Michael Lang
43%
2022-2023 5 DF Michael Lang
43%
2023-2024 5 DF Michael Lang
43%
2007-2008 14 FW Valentin Stocker
43%
2008-2009 14 FW Valentin Stocker
43%
2009-2010 14 FW Valentin Stocker
43%
2010-2011 14 FW Valentin Stocker
43%
2011-2012 14 FW Valentin Stocker
43%
2012-2013 14 FW Valentin Stocker
43%
2013-2014 14 FW Valentin Stocker
43%
2017-2018 14 FW Valentin Stocker
43%
2018-2019 14 FW Valentin Stocker
43%
2019-2020 14 FW Valentin Stocker
43%
2020-2021 14 FW Valentin Stocker
43%
2021-2022 14 FW Valentin Stocker
43%
2014-2015 3 DF Adama Traoré
39%
2015-2016 3 DF Adama Traoré
39%
2016-2017 3 DF Adama Traoré
39%
2024-2025 11 FW Bénie Traoré
39%
2017-2018 22 FW Albian Ajeti
36%
2018-2019 22 FW Albian Ajeti
36%
2024-2025 23 FW Albian Ajeti
36%
2012-2013 5 DF Arlind Ajeti
36%
2013-2014 5 DF Arlind Ajeti
36%
2014-2015 5 DF Arlind Ajeti
36%
2011-2012 3 DF Ju-ho Park
36%
2012-2013 3 DF Ju-ho Park
36%
2000-2001 1 GK Pascal Zuberbühler
36%
2001-2002 1 GK Pascal Zuberbühler
36%
2002-2003 1 GK Pascal Zuberbühler
36%
2003-2004 1 GK Pascal Zuberbühler
36%
2004-2005 1 GK Pascal Zuberbühler
36%
2005-2006 1 GK Pascal Zuberbühler
36%
2016-2017 88 FW Seydou Doumbia
36%
2019-2020 98 FW Arthur Cabral
34%
2020-2021 98 FW Arthur Cabral
34%
2021-2022 10 FW Arthur Cabral
34%
2007-2008 24 MF Cabral
34%
2009-2010 24 MF Cabral
34%
2010-2011 24 MF Cabral
34%
2011-2012 24 MF Cabral
34%
2012-2013 24 MF Cabral
34%
2013-2014 39 MF Davide Callà
34%
2014-2015 39 MF Davide Callà
34%
2015-2016 39 MF Davide Callà
34%
2016-2017 39 MF Davide Callà
34%
2017-2018 39 MF Davide Callà
34%
2006-2007 17 MF Ivan Rakitic
34%
2001-2002 26 MF Scott Chipperfield
34%
2002-2003 26 MF Scott Chipperfield
34%
2003-2004 26 MF Scott Chipperfield
34%
2004-2005 11 MF Scott Chipperfield
34%
2005-2006 11 MF Scott Chipperfield
34%
2006-2007 11 MF Scott Chipperfield
34%
2007-2008 11 MF Scott Chipperfield
34%
2008-2009 11 MF Scott Chipperfield
34%
2009-2010 11 MF Scott Chipperfield
34%
2010-2011 11 MF Scott Chipperfield
34%
2011-2012 11 MF Scott Chipperfield
34%
2012-2013 8 MF Geoffroy Serey Dié
33%
2013-2014 8 MF Geoffroy Serey Dié
33%
2014-2015 8 MF Geoffroy Serey Dié
33%
2016-2017 6 MF Geoffroy Serey Dié
33%
2017-2018 20 MF Geoffroy Serey Dié
33%
2018-2019 20 MF Geoffroy Serey Dié
33%
2000-2001 10 MF Hakan Yakin
33%
2001-2002 10 MF Hakan Yakin
33%
2002-2003 10 MF Hakan Yakin
33%
2003-2004 10 MF Hakan Yakin
33%
2000-2001 15 DF Murat Yakin
33%
2001-2002 15 DF Murat Yakin
33%
2002-2003 15 DF Murat Yakin
33%
2003-2004 15 DF Murat Yakin
33%
2004-2005 15 DF Murat Yakin
33%
2023-2024 31 DF Dominik Schmid
31%
2024-2025 31 DF Dominik Schmid
31%
2013-2014 25 DF Marek Suchy
31%
2014-2015 17 DF Marek Suchy
31%
2015-2016 17 DF Marek Suchy
31%
2016-2017 17 DF Marek Suchy
31%
2017-2018 17 DF Marek Suchy
31%
2018-2019 17 DF Marek Suchy
31%
2003-2004 20 MF Matías Delgado
31%
2004-2005 20 MF Matías Delgado
31%
2005-2006 20 MF Matías Delgado
31%
2013-2014 10 MF Matías Delgado
31%
2014-2015 10 MF Matías Delgado
31%
2015-2016 10 MF Matías Delgado
31%
2016-2017 10 MF Matías Delgado
31%
2017-2018 13 GK Mirko Salvi
31%
2022-2023 13 GK Mirko Salvi
31%
2023-2024 13 GK Mirko Salvi
31%
2024-2025 13 GK Mirko Salvi
31%
2017-2018 9 FW Ricky van Wolfswinkel
31%
2018-2019 9 FW Ricky van Wolfswinkel
31%
2019-2020 9 FW Ricky van Wolfswinkel
31%
2020-2021 9 FW Ricky van Wolfswinkel
31%
2023-2024 26 DF Adrian Leon Barisic
30%
2024-2025 26 DF Adrian Leon Barisic
30%
2000-2001 6 MF Benjamin Huggel
30%
2001-2002 6 MF Benjamin Huggel
30%
2002-2003 6 MF Benjamin Huggel
30%
2003-2004 6 MF Benjamin Huggel
30%
2004-2005 6 MF Benjamin Huggel
30%
2007-2008 8 MF Benjamin Huggel
30%
2008-2009 8 MF Benjamin Huggel
30%
2009-2010 8 MF Benjamin Huggel
30%
2010-2011 8 MF Benjamin Huggel
30%
2011-2012 8 MF Benjamin Huggel
30%
2018-2019 30 FW Edon Zhegrova
30%
2019-2020 30 FW Edon Zhegrova
30%
2020-2021 30 FW Edon Zhegrova
30%
2021-2022 99 FW Edon Zhegrova
30%
2020-2021 13 GK Heinz Lindner
30%
2021-2022 1 GK Heinz Lindner
30%
2018-2019 1 GK Jonas Omlin
30%
2019-2020 1 GK Jonas Omlin
30%
2022-2023 33 DF Riccardo Calafiori
30%
2014-2015 6 DF Walter Samuel
30%
2015-2016 6 DF Walter Samuel
30%
2022-2023 30 MF Anton Kade
28%
2023-2024 30 MF Anton Kade
28%
2024-2025 30 MF Anton Kade
28%
2012-2013 21 MF Marcelo Díaz
28%
2013-2014 21 MF Marcelo Díaz
28%
2014-2015 21 MF Marcelo Díaz
28%
2015-2016 21 FW Marc Janko
28%
2016-2017 21 FW Marc Janko
28%
2024-2025 5 MF Metinho
28%
2024-2025 7 FW Philip Otele
28%
2024-2025 8 MF Romário Baró
28%
2010-2011 6 DF Aleksandar Dragovic
26%
2011-2012 6 DF Aleksandar Dragovic
26%
2012-2013 6 DF Aleksandar Dragovic
26%
2022-2023 4 DF Arnau Comas
26%
2023-2024 4 DF Arnau Comas
26%
2024-2025 4 DF Arnau Comas
26%
2003-2004 21 MF David Degen
26%
2004-2005 21 MF David Degen
26%
2005-2006 21 MF David Degen
26%
2007-2008 7 MF David Degen
26%
2012-2013 7 MF David Degen
26%
2013-2014 7 MF David Degen
26%
2023-2024 25 DF Finn van Breemen
26%
2024-2025 25 DF Finn van Breemen
26%
2006-2007 1 GK Franco Costanzo
26%
2007-2008 1 GK Franco Costanzo
26%
2008-2009 1 GK Franco Costanzo
26%
2009-2010 1 GK Franco Costanzo
26%
2010-2011 1 GK Franco Costanzo
26%
2023-2024 32 DF Jonas Adjetey
26%
2024-2025 32 DF Jonas Adjetey
26%
2001-2002 23 DF Philipp Degen
26%
2002-2003 23 DF Philipp Degen
26%
2003-2004 23 DF Philipp Degen
26%
2004-2005 23 DF Philipp Degen
26%
2011-2012 4 DF Philipp Degen
26%
2012-2013 4 DF Philipp Degen
26%
2013-2014 4 DF Philipp Degen
26%
2014-2015 4 DF Philipp Degen
26%
2015-2016 4 DF Philipp Degen
26%
2023-2024 40 DF Renato Veiga
26%
2002-2003 7 MF Antonio Esposito
25%
2003-2004 7 MF Antonio Esposito
25%
2015-2016 8 MF Birkir Bjarnason
25%
2016-2017 8 MF Birkir Bjarnason
25%
2019-2020 13 GK Djordje Nikolic
25%
2020-2021 1 GK Djordje Nikolic
25%
2016-2017 23 MF Éder Balanta
25%
2017-2018 23 MF Éder Balanta
25%
2018-2019 23 MF Éder Balanta
25%
2019-2020 23 MF Éder Balanta
25%
2023-2024 37 MF Leon Avdullahu
25%
2024-2025 37 MF Leon Avdullahu
25%
2014-2015 7 MF Luca Zuffi
25%
2015-2016 7 MF Luca Zuffi
25%
2016-2017 7 MF Luca Zuffi
25%
2017-2018 7 MF Luca Zuffi
25%
2018-2019 7 MF Luca Zuffi
25%
2019-2020 7 MF Luca Zuffi
25%
2020-2021 7 MF Luca Zuffi
25%
2010-2011 27 DF Markus Steinhöfer
25%
2011-2012 27 DF Markus Steinhöfer
25%
2012-2013 27 DF Markus Steinhöfer
25%
2004-2005 7 FW Mladen Petric
25%
2005-2006 7 FW Mladen Petric
25%
2006-2007 10 FW Mladen Petric
25%
2023-2024 3 DF Nicolas Vouilloz
25%
2024-2025 3 DF Nicolas Vouilloz
25%
2021-2022 9 FW Sebastiano Esposito
25%
2018-2019 5 DF Silvan Widmer
25%
2019-2020 5 DF Silvan Widmer
25%
2020-2021 5 DF Silvan Widmer
25%
2023-2024 9 FW Thierno Barry
25%
2024-2025 9 FW Thierno Barry
25%
2016-2017 25 DF Blas Riveros
23%
2017-2018 25 DF Blas Riveros
23%
2018-2019 15 DF Blas Riveros
23%
2019-2020 15 DF Blas Riveros
23%
2001-2002 13 FW Christian Giménez
23%
2002-2003 13 FW Christian Giménez
23%
2003-2004 13 FW Christian Giménez
23%
2004-2005 13 FW Christian Giménez
23%
2005-2006 13 FW Christian Giménez
23%
2014-2015 25 FW Derlis González
23%
2024-2025 17 DF Joe Mendes
23%
2002-2003 33 FW Julio Hernán Rossi
23%
2003-2004 33 FW Julio Hernán Rossi
23%
2004-2005 33 FW Julio Hernán Rossi
23%
2005-2006 33 FW Julio Hernán Rossi
23%
2024-2025 22 MF Léo Leroy
23%
2024-2025 19 FW Marin Soticek
23%
2016-2017 24 FW Mohamed Elyounoussi
23%
2017-2018 24 FW Mohamed Elyounoussi
23%
2015-2016 24 FW Renato Steffen
23%
2016-2017 11 FW Renato Steffen
23%
2017-2018 11 FW Renato Steffen
23%
2021-2022 22 DF Sergio López
23%
2022-2023 22 DF Sergio López
23%
2018-2019 37 FW Afimico Pululu
21%
2019-2020 19 FW Afimico Pululu
21%
2020-2021 11 FW Afimico Pululu
21%
2018-2019 26 FW Aldo Kalulu
21%
2020-2021 26 FW Aldo Kalulu
21%
2015-2016 15 MF Alexander Fransson
21%
2016-2017 15 MF Alexander Fransson
21%
2017-2018 15 MF Alexander Fransson
21%
2021-2022 27 FW Dan Ndoye
21%
2022-2023 27 FW Dan Ndoye
21%
2021-2022 99 FW Fedor Chalov
21%
2023-2024 21 MF Gabriel Sigua
21%
2000-2001 22 MF Ivan Ergic
21%
2001-2002 22 MF Ivan Ergic
21%
2002-2003 22 MF Ivan Ergic
21%
2003-2004 22 MF Ivan Ergic
21%
2004-2005 22 MF Ivan Ergic
21%
2005-2006 22 MF Ivan Ergic
21%
2006-2007 22 MF Ivan Ergic
21%
2007-2008 22 MF Ivan Ergic
21%
2008-2009 22 MF Ivan Ergic
21%
2013-2014 13 DF Ivan Ivanov
21%
2024-2025 9 FW Kevin Carlos
21%
2000-2001 2 DF Massimo Ceccaroni
21%
2001-2002 2 DF Massimo Ceccaroni
21%
2018-2019 11 FW Noah Okafor
21%
2019-2020 11 FW Noah Okafor
21%
2021-2022 23 MF Wouter Burger
21%
2022-2023 23 MF Wouter Burger
21%
2005-2006 27 MF Zdravko Kuzmanovic
21%
2006-2007 27 MF Zdravko Kuzmanovic
21%
2015-2016 22 MF Zdravko Kuzmanovic
21%
2018-2019 8 MF Zdravko Kuzmanovic
21%
2016-2017 9 FW Andraz Sporar
20%
2022-2023 8 MF Andy Diouf
20%
2009-2010 25 MF Antônio da Silva
20%
2008-2009 20 DF Behrang Safari
20%
2009-2010 20 DF Behrang Safari
20%
2010-2011 20 DF Behrang Safari
20%
2013-2014 19 DF Behrang Safari
20%
2014-2015 19 DF Behrang Safari
20%
2015-2016 19 DF Behrang Safari
20%
2015-2016 26 DF Daniel Høegh
20%
2016-2017 26 DF Daniel Høegh
20%
2023-2024 99 FW Djordje Jovanovic
20%
2018-2019 4 DF Eray Cömert
20%
2019-2020 4 DF Eray Cömert
20%
2020-2021 4 DF Eray Cömert
20%
2021-2022 4 DF Eray Cömert
20%
2010-2011 10 MF Gilles Yapi
20%
2011-2012 10 MF Gilles Yapi
20%
2012-2013 10 MF Gilles Yapi
20%
2013-2014 30 FW Giovanni Sio
20%
2014-2015 30 FW Giovanni Sio
20%
2009-2010 31 FW Jacques Zoua
20%
2010-2011 31 FW Jacques Zoua
20%
2011-2012 31 FW Jacques Zoua
20%
2012-2013 31 FW Jacques Zoua
20%
2022-2023 10 FW Jean-Kévin Augustin
20%
2023-2024 10 FW Jean-Kévin Augustin
20%
2023-2024 33 FW Juan Carlos Gauto
20%
2011-2012 35 FW Kwang-ryong Pak
20%
2023-2024 6 DF Mohamed Dräger
20%
2019-2020 6 DF Omar Alderete
20%
2020-2021 6 DF Omar Alderete
20%
2016-2017 4 DF Omar Gaber
20%
2017-2018 4 DF Omar Gaber
20%
2016-2017 28 DF Raoul Petretta
20%
2017-2018 28 DF Raoul Petretta
20%
2018-2019 28 DF Raoul Petretta
20%
2019-2020 28 DF Raoul Petretta
20%
2020-2021 28 DF Raoul Petretta
20%
2021-2022 28 DF Raoul Petretta
20%
2022-2023 9 FW Zeki Amdouni
20%
2021-2022 11 FW Ádám Szalai
18%
2022-2023 11 FW Ádám Szalai
18%
2009-2010 4 DF Çağdaş Atan
18%
2010-2011 4 DF Çağdaş Atan
18%
2007-2008 30 FW Carlitos
18%
2008-2009 30 FW Carlitos
18%
2009-2010 30 FW Carlitos
18%
2019-2020 21 DF Jasper van der Werff
18%
2020-2021 21 DF Jasper van der Werff
18%
2023-2024 27 DF Kevin Rüegg
18%
2024-2025 27 DF Kevin Rüegg
18%
2021-2022 17 FW Liam Millar
18%
2022-2023 7 FW Liam Millar
18%
2021-2022 35 MF Matías Palacios
18%
2011-2012 29 DF Radoslav Kovac
18%
2012-2013 29 DF Radoslav Kovac
18%
2017-2018 10 MF Samuele Campo
18%
2018-2019 10 MF Samuele Campo
18%
2019-2020 10 MF Samuele Campo
18%
2009-2010 22 DF Samuel Inkoom
18%
2010-2011 22 DF Samuel Inkoom
18%
2014-2015 14 FW Yoichiro Kakitani
18%
2015-2016 14 FW Yoichiro Kakitani
18%
2023-2024 7 MF Benjamin Kololli
16%
2024-2025 7 MF Benjamin Kololli
16%
2022-2023 14 FW Bradley Fink
16%
2024-2025 14 FW Bradley Fink
16%
2008-2009 19 DF David Abraham
16%
2009-2010 19 DF David Abraham
16%
2010-2011 19 DF David Abraham
16%
2011-2012 19 DF David Abraham
16%
2006-2007 19 FW Delron Buckley
16%
2017-2018 19 FW Dimitri Oberlin
16%
2018-2019 19 FW Dimitri Oberlin
16%
2012-2013 26 DF Gastón Sauro
16%
2013-2014 26 DF Gastón Sauro
16%
2000-2001 9 FW Georgios Koumantarakis
16%
2001-2002 9 FW Georgios Koumantarakis
16%
2002-2003 9 FW Georgios Koumantarakis
16%
2012-2013 18 GK Germano Vailati
16%
2013-2014 18 GK Germano Vailati
16%
2014-2015 18 GK Germano Vailati
16%
2015-2016 18 GK Germano Vailati
16%
2016-2017 18 GK Germano Vailati
16%
2000-2001 11 FW Hervé Tum
16%
2001-2002 11 FW Hervé Tum
16%
2002-2003 11 FW Hervé Tum
16%
2003-2004 11 FW Hervé Tum
16%
2005-2006 6 MF Koji Nakata
16%
2006-2007 6 MF Koji Nakata
16%
2007-2008 6 MF Koji Nakata
16%
2013-2014 27 DF Naser Aliji
16%
2014-2015 27 DF Naser Aliji
16%
2015-2016 27 DF Naser Aliji
16%
2021-2022 6 DF Nasser Djiga
16%
2022-2023 6 DF Nasser Djiga
16%
2021-2022 3 DF Noah Katterbach
16%
2022-2023 3 DF Noah Katterbach
16%
2020-2021 23 MF Pajtim Kasami
16%
2021-2022 7 MF Pajtim Kasami
16%
2004-2005 16 DF Patrick Müller
16%
2005-2006 16 DF Patrick Müller
16%
2014-2015 11 FW Shkëlzen Gashi
16%
2015-2016 11 FW Shkëlzen Gashi
16%
2009-2010 18 GK Stefan Wessels
16%
2023-2024 19 FW Yusuf Demir
16%
2014-2015 24 FW Ahmed Hamoudi
15%
2020-2021 6 MF Amir Abrashi
15%
2022-2023 17 FW Andi Zeqiri
15%
2021-2022 21 DF Andy Pelmard
15%
2022-2023 21 DF Andy Pelmard
15%
2007-2008 28 DF Beg Ferati
15%
2008-2009 28 DF Beg Ferati
15%
2009-2010 28 DF Beg Ferati
15%
2010-2011 28 DF Beg Ferati
15%
2005-2006 5 DF Daniel Majstorović
15%
2006-2007 5 DF Daniel Majstorović
15%
2007-2008 5 DF Daniel Majstorović
15%
2020-2021 19 MF Darian Males
15%
2021-2022 19 MF Darian Males
15%
2022-2023 19 MF Darian Males
15%
2006-2007 31 FW Eren Derdiyok
15%
2007-2008 31 FW Eren Derdiyok
15%
2008-2009 31 FW Eren Derdiyok
15%
2009-2010 15 FW Federico Almerares
15%
2010-2011 15 FW Federico Almerares
15%
2006-2007 20 FW Felipe Caicedo
15%
2007-2008 20 FW Felipe Caicedo
15%
2019-2020 99 FW Kemal Ademi
15%
2016-2017 33 FW Kevin Bua
15%
2017-2018 33 FW Kevin Bua
15%
2018-2019 33 FW Kevin Bua
15%
2019-2020 33 FW Kevin Bua
15%
2000-2001 17 MF Mario Cantaluppi
15%
2001-2002 17 MF Mario Cantaluppi
15%
2002-2003 17 MF Mario Cantaluppi
15%
2003-2004 17 MF Mario Cantaluppi
15%
2004-2005 17 MF Mario Cantaluppi
15%
2004-2005 8 MF Mile Sterjovski
15%
2005-2006 8 MF Mile Sterjovski
15%
2006-2007 8 MF Mile Sterjovski
15%
2004-2005 32 DF Reto Zanni
15%
2005-2006 32 DF Reto Zanni
15%
2006-2007 32 DF Reto Zanni
15%
2007-2008 32 DF Reto Zanni
15%
2008-2009 32 DF Reto Zanni
15%
2009-2010 32 DF Reto Zanni
15%
2010-2011 32 DF Reto Zanni
15%
2001-2002 24 DF Thimothée Atouba
15%
2002-2003 24 DF Thimothée Atouba
15%
2003-2004 24 DF Thimothée Atouba
15%
2004-2005 24 DF Thimothée Atouba
15%
2020-2021 17 DF Timm Klose
15%
2021-2022 30 DF Tomás Tavares
15%
2017-2018 30 FW Cedric Itten
13%
2010-2011 30 FW Fwayo Tembo
13%
2010-2011 21 DF Genséric Kusunga
13%
2011-2012 21 DF Genséric Kusunga
13%
2020-2021 3 DF Gonçalo Cardoso
13%
2015-2016 77 MF Jean-Paul Boëtius
13%
2016-2017 77 MF Jean-Paul Boëtius
13%
2008-2009 7 MF Jürgen Gjasula
13%
2022-2023 15 DF Kasim Adams
13%
2005-2006 18 GK Louis Crayton
13%
2006-2007 18 GK Louis Crayton
13%
2007-2008 18 GK Louis Crayton
13%
2008-2009 6 MF Marcos Gelabert
13%
2009-2010 6 MF Marcos Gelabert
13%
2007-2008 9 FW Marko Perovic
13%
2008-2009 10 FW Marko Perovic
13%
2018-2019 35 GK Martin Hansen
13%
2023-2024 11 FW Maurice Malone
13%
2022-2023 42 FW Sayfallah Ltaief
13%
2008-2009 33 MF Serkan Şahin
13%
2009-2010 33 MF Serkan Şahin
13%
2021-2022 15 DF Strahinja Pavlović
13%
2020-2021 72 DF Andrea Padula
11%
2000-2001 8 FW Carlos Varela
11%
2001-2002 8 FW Carlos Varela
11%
2002-2003 8 FW Carlos Varela
11%
2018-2019 25 DF Carlos Zambrano
11%
2004-2005 9 FW César Carignano
11%
2019-2020 47 DF Elis Isufi
11%
2002-2003 18 GK Eric Rapo
11%
2003-2004 18 GK Eric Rapo
11%
2006-2007 15 MF Franz Burgmeier
11%
2022-2023 90 DF Hugo Novoa
11%
2000-2001 7 FW Jean-Michel Tchouga
11%
2001-2002 7 FW Jean-Michel Tchouga
11%
2021-2022 8 MF Jordi Quintillà
11%
2011-2012 15 DF Kay Voser
11%
2012-2013 15 DF Kay Voser
11%
2013-2014 15 DF Kay Voser
11%
2001-2002 28 DF Marco Zwyssig
11%
2002-2003 5 DF Marco Zwyssig
11%
2003-2004 5 DF Marco Zwyssig
11%
2004-2005 5 DF Marco Zwyssig
11%
2000-2001 14 MF Nenad Savic
11%
2001-2002 14 MF Nenad Savic
11%
2002-2003 14 MF Nenad Savic
11%
2000-2001 5 DF Oliver Kreuzer
11%
2001-2002 5 DF Oliver Kreuzer
11%
2019-2020 22 MF Orges Bunjaku
11%
2020-2021 22 MF Orges Bunjaku
11%
2011-2012 7 MF Pascal Schürpf
11%
2012-2013 17 FW Raúl Bobadilla
11%
2000-2001 12 MF Sébastien Barberis
11%
2001-2002 12 MF Sébastien Barberis
11%
2002-2003 12 MF Sébastien Barberis
11%
2003-2004 12 MF Sébastien Barberis
11%
2004-2005 12 MF Sébastien Barberis
11%
2011-2012 28 MF Stephan Andrist
11%
2013-2014 28 MF Stephan Andrist
11%
2018-2019 43 DF Yves Kaiser
11%
2000-2001 4 DF Alexandre Quennoz
10%
2001-2002 4 DF Alexandre Quennoz
10%
2002-2003 4 DF Alexandre Quennoz
10%
2003-2004 4 DF Alexandre Quennoz
10%
2004-2005 4 DF Alexandre Quennoz
10%
2005-2006 4 DF Alexandre Quennoz
10%
2002-2003 20 DF Bernt Haas
10%
2002-2003 30 DF Boris Smiljanic
10%
2003-2004 30 DF Boris Smiljanic
10%
2004-2005 30 DF Boris Smiljanic
10%
2005-2006 30 DF Boris Smiljanic
10%
2006-2007 30 DF Boris Smiljanic
10%
2023-2024 28 MF Dion Kacuri
10%
2004-2005 14 DF Djamel Mesbah
10%
2005-2006 14 DF Djamel Mesbah
10%
2008-2009 17 FW Eduardo Rubio
10%
2019-2020 36 DF Emil Bergström
10%
2006-2007 21 DF François Marque
10%
2007-2008 21 DF François Marque
10%
2008-2009 21 DF François Marque
10%
2002-2003 16 DF Grégory Duruz
10%
2003-2004 16 DF Grégory Duruz
10%
2020-2021 18 MF Julian Von Moos
10%
2004-2005 19 DF Kléber
10%
2005-2006 19 DF Kléber
10%
2009-2010 23 GK Massimo Colomba
10%
2011-2012 23 GK Massimo Colomba
10%
2000-2001 1 GK Miroslav König
10%
2000-2001 3 DF Philippe Cravero
10%
2001-2002 3 DF Philippe Cravero
10%
2002-2003 3 DF Philippe Cravero
10%
2004-2005 35 GK Thomas Mandl
10%
2019-2020 32 MF Yannick Marchand
10%
2020-2021 8 MF Yannick Marchand
10%
2020-2021 76 DF Albian Hajdari
8%
2000-2001 19 FW André Muff
8%
2001-2002 19 FW André Muff
8%
2005-2006 24 DF Bruno Berner
8%
2006-2007 24 DF Bruno Berner
8%
2009-2010 26 MF Daniel Unal
8%
2010-2011 26 MF Daniel Unal
8%
2012-2013 25 MF Darko Jevtic
8%
2009-2010 5 MF Dominik Ritter
8%
2005-2006 23 FW Eduardo
8%
2006-2007 23 FW Eduardo
8%
2007-2008 23 FW Eduardo
8%
2008-2009 23 FW Eduardo
8%
2003-2004 32 FW Francisco Gabriel Guerrero
8%
2000-2001 20 DF Ivan Knez
8%
2001-2002 20 DF Ivan Knez
8%
2017-2018 3 DF Léo Lacroix
8%
2009-2010 27 MF Marco Aratore
8%
2006-2007 4 DF Michel Morganella
8%
2007-2008 4 DF Michel Morganella
8%
2008-2009 4 DF Michel Morganella
8%
2007-2008 3 DF Ronny Hodel
8%
2008-2009 3 DF Ronny Hodel
8%
2006-2007 29 DF Simone Grippo
8%
2007-2008 19 FW Vratislav Lokvenc
8%
2006-2007 7 FW Cristiano
7%
2003-2004 3 DF Damir Dzombic
7%
2005-2006 3 DF Damir Dzombic
7%
2000-2001 10 FW Didier Tholot
7%
2000-2001 26 FW Edmond N'Tiamoah
7%
2000-2001 21 MF Feliciano Magro
7%
2001-2002 21 MF Feliciano Magro
7%
2005-2006 26 FW Mikheil Kavelashvili
7%
2006-2007 26 FW Mikheil Kavelashvili
7%
2008-2009 35 GK Oliver Stöckli
7%
2008-2009 29 FW Orhan Mustafi
7%
2007-2008 17 DF Patrik Baumann
7%
2000-2001 18 GK Romain Crevoisier
7%
2000-2001 0 MF Thierry Ebe
7%
2000-2001 16 MF Yao Aziawonou
7%
2001-2002 16 MF Yao Aziawonou
7%
2005-2006 29 MF Baykal Bellusci
5%
2004-2005 31 DF Samuele Preisig
5%
2003-2004 8 MF Zé Maria
5%
No matching quizzes found
Score Distribution
Percent of People with Each Score
Percentile by Number Answered
Your Score History
You have not taken this quiz